Data Mining: Concepts and Techniques/ (Record no. 51269)

MARC details
000 -LEADER
fixed length control field 00519nam a22001817a 4500
003 - CONTROL NUMBER IDENTIFIER
control field OSt
008 - FIXED-LENGTH DATA ELEMENTS--GENERAL INFORMATION
fixed length control field 260603b |||||||| |||| 00| 0 eng d
020 ## - INTERNATIONAL STANDARD BOOK NUMBER
International Standard Book Number 9780128117606
082 ## - DEWEY DECIMAL CLASSIFICATION NUMBER
Classification number 006.312
Item number H23D
100 ## - MAIN ENTRY--PERSONAL NAME
Personal name Han, Jiawei
245 ## - TITLE STATEMENT
Title Data Mining: Concepts and Techniques/
Remainder of title by Jiawei Han, Jian Pei, Hanghang Tong
260 ## - PUBLICATION, DISTRIBUTION, ETC. (IMPRINT)
Place of publication, distribution, etc Cambridge:
Name of publisher, distributor, etc Elsevier'
Date of publication, distribution, etc 2023.
300 ## - PHYSICAL DESCRIPTION
Extent xxix, 752 p.
650 ## - SUBJECT ADDED ENTRY--TOPICAL TERM
Topical term or geographic name as entry element Generalities | Knowledge | Data mining
700 ## - ADDED ENTRY--PERSONAL NAME
Personal name Pei, Jian
700 ## - ADDED ENTRY--PERSONAL NAME
Personal name Tong, Hanghang
942 ## - ADDED ENTRY ELEMENTS (KOHA)
Source of classification or shelving scheme
Koha item type Books
Holdings
Withdrawn status Lost status Source of classification or shelving scheme Damaged status Not for loan Home library Current library Shelving location Date acquired Source of acquisition Cost, normal purchase price Total Checkouts Full call number Barcode Date last seen Bill Date Koha item type Bill Number
          Dr. Rajendra Prasad Central Agricultural University Pusa, Dr. Rajendra Prasad Central Agricultural University Pusa, General Stacks 03/06/2026 Delight Book Agency 8247.00   006.312 H23D 87287 03/06/2026 29/01/2026 Books Bill No. DBS/0262025-2026
Hosted, Implemented, Customized & Maintained by: BestBookBuddies

Powered by Koha